Loading...
| Literature - European | 1 | 3 | 0 | 1 | 45 | 66 | 121.75 | 2 | 4 | 0.00 | 0.00 |
| Literature - American | 0 | 4 | 0 | 1 | 40 | 91 | 123.75 | 0 | 4 | 0.00 | 0.00 |
| History - American | 1 | 2 | 0 | 0 | 35 | 32 | 81.67 | 1 | 3 | 0.00 | 0.00 |
| Science - Biology | 1 | 2 | 1 | 2 | 30 | 58 | 111.00 | 1 | 3 | 0.00 | 0.00 |
| Fine Arts - Auditory | 1 | 1 | 1 | 1 | 20 | 79 | 103.00 | 0 | 2 | 0.00 | 0.00 |
| Beliefs | 1 | 1 | 1 | 1 | 20 | 55 | 93.50 | 1 | 2 | 0.00 | 0.00 |
| 0 | 3 | 3 | 1 | 15 | 112 | 118.67 | 2 | 3 | 0.00 | 0.00 | |
| Social Science | 0 | 2 | 1 | 1 | 15 | 82 | 113.50 | 1 | 2 | 0.00 | 0.00 |
| Other Science: Math | 0 | 1 | 0 | 1 | 10 | 138 | 138.00 | 0 | 1 | 0.00 | 0.00 |
| Other Arts: Visual | 0 | 1 | 1 | 0 | 5 | 99 | 99.00 | 1 | 1 | 0.00 | 0.00 |
| Fine Arts - Visual | 0 | 1 | 1 | 0 | 5 | 112 | 112.00 | 0 | 1 | 0.00 | 0.00 |
| Science - Chemistry | 0 | 1 | 1 | 0 | 5 | 122 | 122.00 | 1 | 1 | 0.00 | 0.00 |
| Other Academic | 0 | 1 | 1 | 0 | 5 | 86 | 86.00 | 1 | 1 | 0.00 | 0.00 |
| Other Arts: Auditory | 0 | 1 | 2 | 0 | 0 | 87 | 87.00 | 1 | 1 | 0.00 | 0.00 |
| History - World | 0 | 1 | 3 | 1 | -5 | 115 | 115.00 | 0 | 1 | 0.00 | 0.00 |
| Other Science: Earth Science | 0 | 0 | 1 | 0 | -5 | 0.00 | 0 | 0 | 0.00 | 0.00 | |
| Religion | 0 | 0 | 1 | 0 | -5 | 0.00 | 0 | 0 | 0.00 | 0.00 | |
| Science - Physics | 0 | 0 | 1 | 0 | -5 | 0.00 | 0 | 0 | 0.00 | 0.00 | |
| History - European | 0 | 0 | 2 | 0 | -10 | 0.00 | 0 | 0 | 0.00 | 0.00 | |
| Philosophy | 0 | 0 | 2 | 0 | -10 | 0.00 | 0 | 0 | 0.00 | 0.00 |